| 000 | 00543nam a2200193Ia 4500 | ||
|---|---|---|---|
| 008 | 220216s9999 xx 000 0 und d | ||
| 100 | _aTravas-Sejdic J | ||
| 245 | 0 | _aUltraviolet degradation of natural rubber latex films vulcanised with different accelerators | |
| 260 |
_bPolimeri _c1994 |
||
| 300 | _a119-122 | ||
| 500 | _aSource Year: 1997 | ||
| 650 | _aNatural rubber latex film | ||
| 650 | _aUltraviolet degradation | ||
| 650 | _aVulcanisation | ||
| 700 | _aBravar M | ||
| 700 | _aJelencic J | ||
| 856 | _uIRRDB | ||
| 942 | _cJS | ||
| 999 |
_c71734 _d71734 |
||